ARRUPE JESUIT UNIVERSITY

CORONAVIRUS -STOP THE SPREAD - CLEAN,DISINFECT,COVER

Individualism and community (Record no. 3723)

MARC details
000 -LEADER
fixed length control field 00734nam a2200265Ia 4500
003 - CONTROL NUMBER IDENTIFIER
control field 0100
008 - FIXED-LENGTH DATA ELEMENTS--GENERAL INFORMATION
fixed length control field 130227s9999 xx 000 0 und d
020 ## - INTERNATIONAL STANDARD BOOK NUMBER
International Standard Book Number 0750704861
040 ## - CATALOGING SOURCE
Transcribing agency ARRUPELIB
050 ## - LIBRARY OF CONGRESS CALL NUMBER
Classification number LC191.8.N45P48 1996
100 ## - MAIN ENTRY--PERSONAL NAME
Personal name Peters, Michael
245 ## - TITLE STATEMENT
Title Individualism and community
245 ## - TITLE STATEMENT
Remainder of title Education and social policy in the postmodern condition
260 ## - PUBLICATION, DISTRIBUTION, ETC. (IMPRINT)
Place of publication, distribution, etc London
260 ## - PUBLICATION, DISTRIBUTION, ETC. (IMPRINT)
Name of publisher, distributor, etc Falmer Press
260 ## - PUBLICATION, DISTRIBUTION, ETC. (IMPRINT)
-- 1996
300 ## - PHYSICAL DESCRIPTION
Extent ix
300 ## - PHYSICAL DESCRIPTION
Other physical details 237p 23cm
440 ## - SERIES STATEMENT/ADDED ENTRY--TITLE
Title New prospects series n.4
650 ## - SUBJECT ADDED ENTRY--TOPICAL TERM
Topical term following geographic name as entry element Conscience--Religious aspects--Catholic church
650 ## - SUBJECT ADDED ENTRY--TOPICAL TERM
Location of event Christian ethics--Catholic authors
650 ## - SUBJECT ADDED ENTRY--TOPICAL TERM
Active dates Catholic church--Doctrines
700 ## - ADDED ENTRY--PERSONAL NAME
Personal name Marshall, James
942 ## - ADDED ENTRY ELEMENTS (KOHA)
Source of classification or shelving scheme Library of Congress Classification
Koha issues (borrowed), all copies 4
Holdings
Withdrawn status Lost status Source of classification or shelving scheme Damaged status Not for loan Collection code Home library Current library Shelving location Date acquired Total Checkouts Full call number Barcode Date last seen Date last borrowed Copy number Price effective from Koha item type
    Library of Congress Classification     Main Collection ARRUPE LIBRARY ARRUPE LIBRARY   27/02/2013 6 LC191.8.N45P48 1996 46405073 08/05/2019 28/01/2019 1 27/02/2013 Monograph ( Printed materials)

 

Arrupe Library. PO Box MP320 Mt Pleasant, Harare, Zimbabwe
263 242 745411|librarian@aju.ac.zw